Oxford handbook of India's national security (Record no. 133915)

MARC details
000 -LEADER
fixed length control field 00968nam a2200277Ia 4500
003 - CONTROL NUMBER IDENTIFIER
control field OSt
005 - DATE AND TIME OF LATEST TRANSACTION
control field 20220918170401.0
008 - FIXED-LENGTH DATA ELEMENTS--GENERAL INFORMATION
fixed length control field 220917b |||||||| |||| 00| 0 eng d
020 ## - INTERNATIONAL STANDARD BOOK NUMBER
International Standard Book Number 9780199480135 (hbk)
037 ## - SOURCE OF ACQUISITION
Terms of availability Textual
040 ## - CATALOGING SOURCE
Original cataloging agency ARTS
Transcribing agency ARTS
Language of cataloging eng
041 ## - LANGUAGE CODE
Source of code eng
Language code of text/sound track or separate title eng
100 ## - MAIN ENTRY--PERSONAL NAME
Personal name Ganguly Sumit Ed.
9 (RLIN) 28736
245 #0 - TITLE STATEMENT
Title Oxford handbook of India's national security
260 ## - PUBLICATION, DISTRIBUTION, ETC.
Place of publication, distribution, etc. New Delhi
Name of publisher, distributor, etc. Oxford University Press India
Date of publication, distribution, etc. 2018
300 ## - PHYSICAL DESCRIPTION
Extent xx,532p.
Dimensions cm.
650 ## - SUBJECT ADDED ENTRY--TOPICAL TERM
Topical term or geographic name entry element FOREIGN RELATIONS; SECURITIES
9 (RLIN) 28737
700 ## - ADDED ENTRY--PERSONAL NAME
Personal name Blarel Nicolas Ed.
9 (RLIN) 28738
700 ## - ADDED ENTRY--PERSONAL NAME
Personal name Pardesi Manjeet S. Ed.
9 (RLIN) 28739
942 ## - ADDED ENTRY ELEMENTS (KOHA)
Classification part V2:19(zP), Q8
Koha item type Textual
Source of classification or shelving scheme Colon Classification (CC)
Holdings
Withdrawn status Lost status Damaged status Not for loan Home library Current library Date acquired Source of acquisition Total Checkouts Full call number Barcode Date last seen Price effective from Koha item type
        Arts Library Arts Library 2022-09-18 8513, 15/01/2019, Efficient Book Distributors   V2:19(zP) Q8 AL1632955 2022-09-18 2022-09-18 Textual
Copyright @ Delhi University Library System